[Event "Marianske Lazne op 16th"]
[Site "Marianske Lazne"]
[Date "2017.01.27"]
[Round "8"]
[White "Dovzhenko, Viktor"]
[Black "Abdurakhimov, Peter"]
[Result "1-0"]
[WhiteElo "2150"]
[BlackElo "2007"]
[PlyCount "65"]
[EventDate "2017.01.21"]
[EventType "swiss"]
[EventRounds "9"]
[EventCountry "CZE"]
[SourceTitle "CBM 176 Extra"]
[Source "ChessBase"]
[SourceDate "2017.03.02"]
[SourceVersion "1"]
[SourceVersionDate "2017.03.02"]
[SourceQuality "1"]

1. e4 e6 2. d4 d5 3. Nc3 Bb4 4. exd5 exd5 5. Bd3 Nc6 6. Be3 Bxc3+ 7. bxc3 Nge7 8. Qf3 0-0 9. Ne2 Na5 10. 0-0 Nc4 11. Bg5 c6 12. Rfe1 Re8 13. Qh5 h6 14. Ng3 Qd6 15. Qh4 Be6 16. Bxh6 gxh6 17. Nh5 Bf5 18. Nf6+ Kg7 19. Nxe8+ Rxe8 20. Bxf5 Nxf5 21. Qg4+ Kf8 22. Rxe8+ Kxe8 23. Qxf5 Qe6 24. Qf4 Kf8 25. Kf1 Qd6 26. Qxd6+ Nxd6 27. f3 Nc4 28. Ke2 Ke7 29. Re1 Kf6 30. Kd3 Nd6 31. g4 b6 32. Re5 Nc4 33. Re8 1-0

[Event "Dresden ZMD op-C 21th"]
[Site "Dresden"]
[Date "2012.08.24"]
[Round "7"]
[White "Schulze, Lara"]
[Black "Abdurakhimov, Peter"]
[Result "0-1"]
[WhiteElo "1249"]
[BlackElo "1601"]
[PlyCount "96"]
[EventDate "2012.08.18"]
[EventType "swiss"]
[EventRounds "9"]
[EventCountry "GER"]
[SourceTitle "CBM 150 Extra"]
[Source "ChessBase"]
[SourceDate "2012.10.19"]
[SourceVersion "1"]
[SourceVersionDate "2012.10.19"]
[SourceQuality "1"]

1. d4 Nf6 2. c4 c5 3. Nf3 cxd4 4. Nxd4 e5 5. Nf3 Nc6 6. Nc3 Bc5 7. e3 d6 8. h3 0-0 9. Bd3 Be6 10. b3 Bb4 11. Bb2 e4 12. 0-0 exd3 13. Qxd3 Ne5 14. Qe2 Ng6 15. Rfd1 Bxc3 16. Bxc3 Ne4 17. Bb2 Qb6 18. Bd4 Qa5 19. Qb2 f6 20. h4 Ne5 21. Bxe5 dxe5 22. Qc2 Nc5 23. Rab1 Qc7 24. b4 Nd7 25. c5 Rac8 26. Rd6 Bf7 27. Rbd1 Rfd8 28. Qa4 Be8 29. Qb3+ Kf8 30. Qc2 Kg8 31. Qc4+ Bf7 32. Qg4 Nb8 33. a3 Rxd6 34. cxd6 Qd7 35. Qxd7 Nxd7 36. Ne1 Bb3 37. Rd2 Rc1 38. Kf1 Bc4+ 39. Kg1 Rxe1+ 40. Kh2 Re2 41. Rxe2 Bxe2 42. f3 Bb5 43. e4 Nb6 44. Kg3 Nc4 45. Kg4 Nxd6 46. g3 Bd7+ 47. Kh5 g6+ 48. Kh6 Nf7# 0-1

[Event "GER-chT U12"]
[Site "Arendsee"]
[Date "2011.12.29"]
[Round "6.4"]
[White "Tiedemann, Fin Niklas"]
[Black "Abdurakhimov, Peter"]
[Result "1-0"]
[WhiteElo "1429"]
[BlackElo "1394"]
[PlyCount "45"]
[EventDate "2011.12.27"]
[EventType "team-swiss"]
[EventRounds "7"]
[EventCountry "GER"]
[SourceTitle "EXT 2022"]
[Source "ChessBase"]
[SourceDate "2021.10.06"]
[SourceVersion "1"]
[SourceVersionDate "2021.10.06"]
[SourceQuality "1"]
[WhiteTeam "Luebeck SV U12"]
[BlackTeam "Dresden USV TU U12"]
[WhiteTeamCountry "GER"]
[BlackTeamCountry "GER"]

1. e4 e5 2. Nc3 Nc6 3. Bc4 Nf6 4. d3 Be7 5. f4 d6 6. Nf3 0-0 7. f5 Na5 8. Bb3 Nxb3 9. axb3 Ne8 10. 0-0 f6 11. Nh4 c6 12. Qf3 Nc7 13. Qg3 Qe8 14. Bh6 Qf7 15. Bd2 d5 16. Nd1 Bc5+ 17. Be3 Bxe3+ 18. Nxe3 Rd8 19. Ng4 Qd7 20. Nxf6+ Kf7 21. Nxd7 Bxd7 22. Qxe5 Ne8 23. exd5 1-0

[Event "Dresden ZMDI Blitz"]
[Site "Dresden"]
[Date "2011.08.14"]
[Round "9"]
[White "Abdurakhimov, Peter"]
[Black "Kluge, Juergen"]
[Result "1/2-1/2"]
[WhiteElo "1172"]
[BlackElo "1400"]
[PlyCount "69"]
[EventDate "2011.08.06"]
[EventType "swiss (blitz)"]
[EventRounds "9"]
[EventCountry "GER"]
[SourceTitle "EXT 2022"]
[Source "ChessBase"]
[SourceDate "2021.10.06"]
[SourceVersion "1"]
[SourceVersionDate "2021.10.06"]
[SourceQuality "1"]

1. e4 d6 2. d4 Nf6 3. Nc3 g6 4. Nf3 Bg7 5. h3 0-0 6. Bd3 Nbd7 7. e5 Ne8 8. Qe2 dxe5 9. dxe5 e6 10. 0-0 c6 11. Rd1 Qc7 12. Bf4 Nb6 13. Qe3 Nd5 14. Nxd5 cxd5 15. Bh6 f6 16. Bxg7 Kxg7 17. Re1 b6 18. Nd4 Qf7 19. exf6+ Qxf6 20. Nxe6+ Bxe6 21. Qxe6 Qxf2+ 22. Kh1 Nf6 23. Rf1 Qd4 24. Qe7+ Rf7 25. Qa3 Qc5 26. Qxc5 bxc5 27. b3 Rd8 28. Rad1 d4 29. Bc4 Rff8 30. Rfe1 Rfe8 31. Rxe8 Rxe8 32. Kg1 Nh5 33. Kf2 Nf4 34. Bf1 Nd5 35. Re1 1/2-1/2